Consumption and income distribution in Latin America : selected topics /

Bibliographic Details
Corporate Author: Programa de Estudios Conjuntos sobre Integración Económica Latinoamericana
Other Authors: Ferber, Robert, 1922-
Format: Book
Language:English
Published: Washington, D.C. : Published for the ECIEL Program by the Organization of American States, 1980.
Subjects:

MARC

Tag First Indicator Second Indicator Subfields
LEADER 00000cam a2200000 a 4500
001 in00000098681
005 20150924085944.0
008 800703s1980 dcua b 00000 eng d
020 |a 0827010036 
035 |a (OCoLC)06481987 
035 |9 AAK9789AM 
040 |a IQU  |c IQU  |d m.c.  |d OCL  |d TXA  |d UtOrBLW 
043 |a ce----- 
049 |a TXAM  |c [388766] 
090 |a HC130 C6  |b  C63 
245 0 0 |a Consumption and income distribution in Latin America :  |b selected topics /  |c edited by Robert Ferber. 
264 1 |a Washington, D.C. :  |b Published for the ECIEL Program by the Organization of American States,  |c 1980. 
300 |a v, 484 pages :  |b illustrations ;  |c 28 cm. 
336 |a text  |b txt  |2 rdacontent 
337 |a unmediated  |b n  |2 rdamedia 
338 |a volume  |b nc  |2 rdacarrier 
500 |a "First drafts of these papers were presented at an international conference organized by ECIEL and held under the auspices of the Institut fur Iberoamerika-Kunde in Hamburg in October 1973." 
500 |a "An ECIEL book." 
504 |a Includes bibliographical references. 
650 0 |a Consumption (Economics)  |z Latin America. 
650 0 |a Income distribution  |z Latin America. 
700 1 |a Ferber, Robert,  |d 1922- 
710 2 |a Programa de Estudios Conjuntos sobre Integración Económica Latinoamericana. 
999 |a MARS 
999 f f |s c5d27885-5d7a-365c-adcd-2897f5951bea  |i 1805dd55-827d-3f40-8c9e-8c4988c59bb7  |t 0 
952 f f |p ric  |a Texas A&M University  |b Rellis Campus  |c Joint Library Facility  |d Remote Storage  |t 0  |e HC130 C6 C63  |h Library of Congress classification  |i unmediated -- volume  |m A14806033919 
998 f f |a HC130 C6 C63  |t 0  |l Remote Storage